000 00364nam a2200145Ia 4500
008 240624s9999 xx 000 0 und d
041 _aeng
082 _a346.07 JIN
100 _aJINDAL HARI OM
245 _aBUSINESS EXPENDITURE LAW AND PRACTICE
260 _c2007
_aNew Delhi
_bTaxmann
300 _ai-236, : 749 : p. : cm ; 24
365 _cRS
_b20
440 _v1
999 _c6933
_d6933